00820cam a2200241 a 450000100060000000300080000600500170001400800410003103500190007204000260009104100080011708200200012510000380014524500750018325000280025826000380028630000210032450400370034565000310038294200120041399900170042595201360044231767BD-RjUL20211209051739.0140422r19501946enk b 001 0 eng d a(BD-RjUL)31855 aBD-RjULbengcBD-RjUL aeng04a226.2bKIO 19501 aKilpatrick, George Dunbar.99668114aThe origins of the Gospel according to St. Matthew /cG.D. Kilpatrick. aRepr. with corrections. aOxford :bClarendon Press,c1950. a151 p. ;c23 cm. aFirst published: 1946. and Index 0aBible. -- Matthew. 996682 2ddccBK c31767d31767 00102ddc40718NFICaRUCLbRUCLcReadingd1978-12-09eW. U. S.g0.00l0o226.2 KIO 1950r2014-04-22 00:00:00tC-1w2014-04-22yBK